Lákadlo na hranici etiky

Deti ako úzka cieľová skupina vyznačujúca sa v rámci komerčnej komunikácie určitými špecifikami. Reklamné pôsobenie na detskú myseľ ako jedna z najcitlivejších oblastí marketingu na hranici etiky. Značky ako sprievodcovia detstva a dospievania. Emocionálna cesta k získaniu mladých konzumentov. Na v...

Descrizione completa

Salvato in:
Dettagli Bibliografici
Autore principale: Hacker, Pavel
Natura: Capitolo di libro
Lingua:ceco
Soggetti:
Tags: Aggiungi Tag
Nessun Tag, puoi essere il primo ad aggiungerne!!

MARC

LEADER 00000naa$a2200000$$$4500
001 0062015
005 20231016105838.8
041 0 |a cze 
044 |a CZ 
245 1 0 |a Lákadlo na hranici etiky  |c Pavel Hacker 
520 |a Deti ako úzka cieľová skupina vyznačujúca sa v rámci komerčnej komunikácie určitými špecifikami. Reklamné pôsobenie na detskú myseľ ako jedna z najcitlivejších oblastí marketingu na hranici etiky. Značky ako sprievodcovia detstva a dospievania. Emocionálna cesta k získaniu mladých konzumentov. Na vzostupe nové kanály komunikácie - internet a mobilná telefónia, ktoré podporujú odlišnosť. 
610 2 0 |a marketing 
610 2 0 |a reklama 
610 2 0 |a komunikácia marketingová 
610 2 0 |a značky výrobkov 
610 2 0 |a deti 
610 2 0 |a mládež 
610 2 0 |a etika 
100 1 |a Hacker, Pavel